रामकुमार भ्रमर रचनावली (Record no. 927742)

MARC details
000 -LEADER
fixed length control field 00845nam a2200241Ia 4500
003 - CONTROL NUMBER IDENTIFIER
control field OSt
005 - DATE AND TIME OF LATEST TRANSACTION
control field 20221002055449.0
008 - FIXED-LENGTH DATA ELEMENTS--GENERAL INFORMATION
fixed length control field 220930b |||||||| |||| 00| 0 hin d
037 ## - SOURCE OF ACQUISITION
Terms of availability Reference Collections
040 ## - CATALOGING SOURCE
Original cataloging agency CRL
Transcribing agency CRL
Language of cataloging hin
041 ## - LANGUAGE CODE
Source of code hin
Language code of text/sound track or separate title hin
100 ## - MAIN ENTRY--PERSONAL NAME
Personal name भ्रमर, रामकुमार
245 #0 - TITLE STATEMENT
Title रामकुमार भ्रमर रचनावली
260 ## - PUBLICATION, DISTRIBUTION, ETC.
Place of publication, distribution, etc. नयी
Name of publisher, distributor, etc. दिल्ली किताबघर
Date of publication, distribution, etc. 2004
490 ## - SERIES STATEMENT
Volume/sequential designation भाग 1
942 ## - ADDED ENTRY ELEMENTS (KOHA)
Classification part O152,3N361x, P4.1-.3(RR)
Koha item type
Source of classification or shelving scheme Colon Classification (CC)
Holdings
Withdrawn status Lost status Damaged status Not for loan Home library Current library Date acquired Source of acquisition Cost, normal purchase price Serial Enumeration / chronology Total Checkouts Full call number Barcode Date last seen Cost, replacement price Price effective from Koha item type
        Central Library Central Library 2022-10-02 12961, 19/03/2011, Kitab Ghar 1500.00 भाग 1   O152,3N361x P4.1-.3(RR) CL1430843 2022-10-02 1500.00 2022-10-02  
Copyright @ Delhi University Library System